| 000 | 00401cam a2200169ua 4500 | ||
|---|---|---|---|
| 001 | 5660 | ||
| 008 | 131007n ii |||gr||||Z||||||eng | ||
| 040 | _cMAIN | ||
| 082 | _a954.162 | ||
| 245 | _aKamarupasasanavali | ||
| 260 |
_aGuwahati: _bPublication Board,Assam, _c1981. |
||
| 300 | _axiii,328p. | ||
| 653 | _aHistory | ||
| 653 | _aKamrupasasanavali | ||
| 700 |
_aSarma,D., _eEditor., |
||
| 942 | _cBK | ||
| 999 |
_c4819 _d4819 |
||